000 00972nam a22002417a 4500
005 20090603120315.0
008 090603t xxu||||| |||| 00| 0 eng d
010 _aENG-93849
020 _a817648377X
_c895.00
035 _aEN-77382
037 _bDBAD / PUB
040 _adpl
_bEnglish
082 _a333.9511
245 _aBiodiversity:
_cedited by Ramamurthi Rallapalli [and] Geetha Bali
_b(monitoring, management, conservation and enhancement) /
260 _aNew Delhi
_bAPH Publishing Corporations
_c2009
270 _a4435-36/7, Ansari Road, Daryaganj,
_bNew Delhi
_e110002
300 _axii, 237p.
_c22cm(Hb)
500 _aIncludes references and index
700 _aRallapalli, Ramamurthi
700 _aBali, Geetha
942 _2ddc
_cEN
_mBIO
_h333.9511
999 _c27178
_d27178